000 00437nam a2200133Ia 4500
008 100328s9999 xx 000 0 und d
082 _b20123
100 _aमनोहर श्याम
245 _aबिनमौजेच्या गोष्टी
260 _bाारा
630 _aबिनमौजेच्या गोष्टी
730 _aबिनमौजेच्या गोष्टी
942 _cBOOK
999 _c514328
_d514325